<?xml version="1.0" encoding="UTF-8"?><?xml-stylesheet type="text/xsl" href="static/style.xsl"?><OAI-PMH xmlns="http://www.openarchives.org/OAI/2.0/" xmlns:xsi="http://www.w3.org/2001/XMLSchema-instance" xsi:schemaLocation="http://www.openarchives.org/OAI/2.0/ http://www.openarchives.org/OAI/2.0/OAI-PMH.xsd"><responseDate>2026-06-01T14:48:44Z</responseDate><request verb="GetRecord" identifier="oai:riuma.uma.es:10630/29306" metadataPrefix="marc">https://riuma.uma.es/rest/oai/request</request><GetRecord><record><header><identifier>oai:riuma.uma.es:10630/29306</identifier><datestamp>2026-02-03T11:12:12Z</datestamp><setSpec>com_10630_2254</setSpec><setSpec>col_10630_37953</setSpec></header><metadata><record xmlns="http://www.loc.gov/MARC21/slim" xmlns:dcterms="http://purl.org/dc/terms/" xmlns:doc="http://www.lyncode.com/xoai" xmlns:xsi="http://www.w3.org/2001/XMLSchema-instance" xsi:schemaLocation="http://www.loc.gov/MARC21/slim http://www.loc.gov/standards/marcxml/schema/MARC21slim.xsd">
   <leader>00925njm 22002777a 4500</leader>
   <datafield ind2=" " ind1=" " tag="042">
      <subfield code="a">dc</subfield>
   </datafield>
   <datafield ind2=" " ind1=" " tag="720">
      <subfield code="a">Gómez-Calderón, Bernardo</subfield>
      <subfield code="e">author</subfield>
   </datafield>
   <datafield ind2=" " ind1=" " tag="720">
      <subfield code="a">García-Borrego, Manuel</subfield>
      <subfield code="e">author</subfield>
   </datafield>
   <datafield ind2=" " ind1=" " tag="720">
      <subfield code="a">García-Cardona, Juan</subfield>
      <subfield code="e">author</subfield>
   </datafield>
   <datafield ind2=" " ind1=" " tag="260">
      <subfield code="c">2022</subfield>
   </datafield>
   <datafield ind2=" " ind1=" " tag="520">
      <subfield code="a">El objetivo de la investigación que sirve de base a este artículo consiste en analizar la presencia de la mujer escritora&#xd;
en los cuatro principales suplementos culturales de la prensa de referencia española: Babelia (El país), Cultura|s (La&#xd;
vanguardia), El cultural (El mundo) y ABC cultural (ABC). Para ello se estudian los “libros del año” recomendados entre&#xd;
2010 y 2021 (n = 1.286), así como los jurados encargados de elaborar los rankings. Los resultados evidencian el papel&#xd;
subsidiario reservado a las mujeres en esta esfera de la información cultural: apenas firman el 25,3% de los libros seleccionados, aunque se observa cierto progreso en la serie histórica, tras pasar del 4,8% en 2011 al 37,8% en 2020. A ello ha&#xd;
contribuido el incremento de la presencia femenina en los jurados, variable con la que la ratio de autoras seleccionadas&#xd;
guarda una correlación estadísticamente significativa (rs = 0,647, p &lt; 0,001), y la apuesta de suplementos como Babelia&#xd;
y Cultura|s por la literatura escrita por mujeres. En El cultural y ABC cultural, sin embargo, aún parecen subyacer bolsas&#xd;
de exclusión que restan visibilidad a la labor de las escritoras en España. De acuerdo con el análisis, las autoras destacan por su juventud (son entre 8 y 20 años menores que los hombres, en función del indicador), su cosmopolitismo (hay más&#xd;
escritoras foráneas que españolas, en especial estadounidenses) y su procedencia (principalmente Madrid y Barcelona).&#xd;
El artículo pone de manifiesto, y constata por primera vez con datos empíricos, la situación de discriminación que con&#xd;
frecuencia sufren las escritoras por parte de la crítica especializada, y reflexiona sobre la importancia del periodismo&#xd;
cultural a la hora de derribar los estereotipos de género desde el ejercicio responsable de su función prescriptiva.</subfield>
   </datafield>
   <datafield ind1="8" ind2=" " tag="024">
      <subfield code="a">García-Borrego, Manuel; Gómez-Calderón, Bernardo; García-Cardona, Juan (2022). “The (in)visibility of women in the press specializing in literature: an analysis of the presence of women writers in Spanish cultural supplements”. Profesional de la información, v. 31, n. 3, e310319. https://doi.org/10.3145/epi.2022.may.19</subfield>
   </datafield>
   <datafield ind1="8" ind2=" " tag="024">
      <subfield code="a">https://hdl.handle.net/10630/29306</subfield>
   </datafield>
   <datafield ind1="8" ind2=" " tag="024">
      <subfield code="a">10.3145/epi.2022.may.19</subfield>
   </datafield>
   <datafield tag="653" ind2=" " ind1=" ">
      <subfield code="a">Escritoras</subfield>
   </datafield>
   <datafield ind2="0" ind1="0" tag="245">
      <subfield code="a">La (in)visibilización de la mujer en la prensa especializada en literatura: un análisis de la presencia de las escritoras en los suplementos culturales españoles</subfield>
   </datafield>
</record>
</metadata></record></GetRecord></OAI-PMH>